| 000 | 01027nam a22002297a 4500 | ||
|---|---|---|---|
| 003 | OSt | ||
| 005 | 20260310104239.0 | ||
| 008 | 251020b |||||||| |||| 00| 0 ESPAd | ||
| 020 | _a9789978481288 | ||
| 082 | _29789978481288 | ||
| 100 | _aErnest Theodor Amadeus Hoffmann | ||
| 245 | _aLa vasija de Oro y otros Cuentos Fantásticos | ||
| 260 |
_aQuito-Ecuador _bVelasque & Velasquez _c2016 |
||
| 300 |
_a245PAG _c21X17 cm |
||
| 490 | _3vinil | ||
| 520 | _aEl protagonista, Anselmo, es un joven estudiante soñador que un día tropieza con una anciana y derrama su cesta de frutas. Este hecho aparentemente casual lo conduce a un mundo mágico, donde conoce a Serpentina, una criatura maravillosa, hija del archivero Lindhorst, quien resulta ser un poderoso espíritu guardián de secretos antiguos. | ||
| 650 |
_2La vasija de oro _ael cascanueces y el rey de los ratones |
||
| 650 | _2El cascanueces y el rey de los ratones | ||
| 650 | _2La suerte del jugador | ||
| 700 | _a Theodor Amadeus | ||
| 942 |
_2ddc _cBK _n0 |
||
| 999 |
_c2015 _d2015 |
||